The waverley Pangeant / (Record no. 191003)
[ view plain ]
| 000 -LEADER | |
|---|---|
| fixed length control field | 00771 a2200169 4500 |
| 003 - CONTROL NUMBER IDENTIFIER | |
| control field | Nust |
| 005 - DATE AND TIME OF LATEST TRANSACTION | |
| control field | 20230125153723.0 |
| 040 ## - CATALOGING SOURCE | |
| Transcribing agency | Nust |
| 082 ## - DEWEY DECIMAL CLASSIFICATION NUMBER | |
| Classification number | 808.83,SCO |
| 100 ## - MAIN ENTRY--PERSONAL NAME | |
| Personal name | Walpole, Hugh |
| 9 (RLIN) | 107665 |
| 245 ## - TITLE STATEMENT | |
| Title | The waverley Pangeant / |
| Statement of responsibility, etc. | Hugh Walpole, |
| 260 ## - PUBLICATION, DISTRIBUTION, ETC. | |
| Place of publication, distribution, etc. | London |
| Name of publisher, distributor, etc. | Eyre & Spottiswoode |
| Date of publication, distribution, etc. | 1932 |
| 300 ## - PHYSICAL DESCRIPTION | |
| Extent | xxxix 661 p |
| 505 ## - FORMATTED CONTENTS NOTE | |
| Formatted contents note | Sir Walter Scott (Page-ix), The Merrie Business of Writing Immortal Novel (Page-19), The Human Comedy (Page-71), Heroes and Villains (Page-178), High Jinks (Page-248), Stories of King and Queens (Page-297), Prophets ,Priest ,and Priestesses (Page-409), Lovers (Page-465), Out in the Forty-five (Page-501), Drama (Page-537), Original (Page-573), The Old Order Changeth (Page-635). |
| 650 ## - SUBJECT ADDED ENTRY--TOPICAL TERM | |
| Topical term or geographic name entry element | Novel |
| 9 (RLIN) | 2525 |
| 942 ## - ADDED ENTRY ELEMENTS (KOHA) | |
| Source of classification or shelving scheme | |
| Koha item type | Book |
| Withdrawn status | Lost status | Source of classification or shelving scheme | Damaged status | Not for loan | Permanent Location | Current Location | Shelving location | Date acquired | Full call number | Barcode | Date last seen | Price effective from | Koha item type | Public note |
|---|---|---|---|---|---|---|---|---|---|---|---|---|---|---|
| Military College of Signals (MCS) | Military College of Signals (MCS) | General Stacks | 12/12/2016 | 808.83,SCO | MCS29968 | 12/08/2016 | 12/12/2016 | Book | Almirah No.57, Shelf No.2 |
